| 000 | 00473nam a2200193Ia 4500 | ||
|---|---|---|---|
| 005 | 20230817120540.0 | ||
| 008 | 131103s9999 xx 000 0 und d | ||
| 020 |
_a140287124 _cRs.200 |
||
| 040 | _aLoreto College | ||
| 041 | _aEnglish | ||
| 082 |
_aF _bGUP |
||
| 100 | _aGupta,Sunetra | ||
| 245 | 2 |
_aA sin of colour _cSunetra Gupta |
|
| 260 |
_aNew Delhi _bPenguin Books _c1999 |
||
| 300 | _a217 p. | ||
| 650 | _aFiction in English | ||
| 850 | _aLCLIB | ||
| 942 | _cBK | ||
| 999 |
_c15231 _d65710 |
||